Online
Catalog

La alegría de existir : (Record no. 3479)

MARC details
000 -CABECERA
campo de control de longitud fija 00932nam a2200277 a 4500
001 - NÚMERO DE CONTROL
campo de control 000003656
003 - IDENTIFICADOR DEL NÚMERO DE CONTROL
campo de control OSt
005 - FECHA Y HORA DE LA ÚLTIMA TRANSACCIÓN
campo de control 20200930115337.0
008 - DATOS DE LONGITUD FIJA--INFORMACIÓN GENERAL
campo de control de longitud fija 740124s1977 mx a 000 j spa
040 ## - FUENTE DE LA CATALOGACIÓN
Centro catalogador/agencia de origen DO-SdBNP
Lengua de catalogación spa
Centro/agencia transcriptor BNPHU
082 ## - NÚMERO DE LA CLASIFICACIÓN DECIMAL DEWEY
Número de clasificación 813.54
Número de documento/Ítem E55a
100 1# - ENTRADA PRINCIPAL--NOMBRE DE PERSONA
Nombre de persona Emshwiller, Carol.
9 (RLIN) 11211
240 10 - TÍTULO UNIFORME
Título uniforme Joy in our cause. /
245 13 - MENCIÓN DE TÍTULO
Título La alegría de existir :
Resto del título cuentos cortos /
Mención de responsabilidad, etc. Carol Emshwiller; traducción, Luisa Ma. Álvarez de Jaubert.
246 14 - FORMA VARIANTE DE TÍTULO
Título propio/Titulo breve La alegría de existir: ensayos íntimos de una mujer original
260 ## - PUBLICACIÓN, DISTRIBUCIÓN, ETC.
Lugar de publicación, distribución, etc. México :
Nombre del editor, distribuidor, etc. Editores Asociados,
Fecha de publicación, distribución, etc. 1977.
300 ## - DESCRIPCIÓN FÍSICA
Extensión 169 p. :
Otras características físicas il. ;
Dimensiones 21 cm.
490 1# - MENCIÓN DE SERIE
Mención de serie Literatura
590 ## - NOTA LOCAL (RLIN)
Nota local inventariado, 2020 / DG
650 #4 - PUNTO DE ACCESO ADICIONAL DE MATERIA--TÉRMINO DE MATERIA
Término de materia o nombre geográfico como elemento de entrada Cuentos estadounidenses
9 (RLIN) 3514
650 #4 - PUNTO DE ACCESO ADICIONAL DE MATERIA--TÉRMINO DE MATERIA
Término de materia o nombre geográfico como elemento de entrada Literatura estadounidenses
9 (RLIN) 11212
700 1# - PUNTO DE ACCESO ADICIONAL--NOMBRE DE PERSONA
Nombre de persona Álvarez de Jaubert, Luisa Ma.
Término indicativo de función/relación tr.
9 (RLIN) 11213
830 #0 - PUNTO DE ACCESO ADICIONAL DE SERIE-TÍTULO UNIFORME
Título uniforme Literatura
9 (RLIN) 8095
910 ## - DATOS DE OPCIÓN DEL USUARIO (OCLC)
Datos de opción del usuario Inventariado, 2020 / DG
942 ## - ELEMENTOS DE PUNTO DE ACCESO ADICIONAL (KOHA)
Fuente del sistema de clasificación o colocación Dewey Decimal Classification
Tipo de ítem Koha Libros y folletos
Holdings
Estado de retiro Estado de pérdida Fuente del sistema de clasificación o colocación Restricciones de uso No para préstamo Código de colección Localización permanente Ubicación/localización actual Ubicación en estantería Fecha de adquisición Fuente de adquisición Número de inventario Total de préstamos Signatura topográfica completa Código de barras Fecha visto por última vez Precio válido a partir de Tipo de ítem Koha
    Dewey Decimal Classification Préstamo interno   Monografías: Libros y Folletos General General En catalogación 11.07.2009 Donaciòn LF1   813.54 E55a 3656-10 25.06.2020 25.06.2020 Préstamo interno
  Extraviado     Excluido de préstamo Monografías: Libros y Folletos Patrimonio Dominicano Patrimonio Dominicano Extraviado 03.04.2017   LF1   813.54 E55a 3656-20 25.06.2020 25.06.2020 No se presta

Powered by Koha